Historia argentina : indsutrialización y luchas por la distribución de la riqueza. de la écada infame a los gobiernos peronistas. 1930-1955 /

Guardado en:
Autor Principal: Alonso, María Ernestina
Otros Autores: Vázquez, Enrique
Formato: Libro
Publicado: Buenos Aires : Aique, 2013
Series:H
Materias:
Etiquetas: Agregar Etiqueta
Sin Etiquetas, Sea el primero en etiquetar este registro!
LEADER 00949nam a22002415a 4500
001 CEM.cems014705
005 20160510162345.0
008 130507s2013##################000#0#####d
003 CEMS
020 |a 9789870605928 
082 0 4 |a 982 
100 1 |a Alonso, María Ernestina 
245 1 0 |a Historia argentina :  |b indsutrialización y luchas por la distribución de la riqueza. de la écada infame a los gobiernos peronistas. 1930-1955 /  |c María Ernestina Alonso y Enrique Vázquez 
260 |a Buenos Aires :  |b Aique,  |c 2013 
300 |a 112 p. 
490 0 |a H 
505 0 |a La década de 1930: Crisis económica y reorganización oligárquica (1930-1943) -- Los orígenes del peronismo (1943-1945) -- Los gobiernos de Juan D. Perón (1946-1955) 
653 |a Historia 
653 |a Historia argentina 
653 |a Peronismo 
653 |a Libros de texto 
700 1 |a Vázquez, Enrique 
859 |a CEMS  |b BIB. CEMS - 11 de abril  |h 982  |i AL64-1  |p 27288.16  |t Ej.1